| 000 | 00431nam a22001697a 4500 | ||
|---|---|---|---|
| 003 | OSt | ||
| 005 | 20240319124919.0 | ||
| 008 | 240319b |||||||| |||| 00| 0 eng d | ||
| 020 | _a9789966003256 | ||
| 040 |
_aMMU _beng _cMMU _dMMU |
||
| 100 | _aWaweru David | ||
| 245 |
_aChampion _bwin the fight,live your dream _cDavid Waweru |
||
| 260 |
_aKenya _bWordAlive _c2013 |
||
| 300 | _a170p | ||
| 650 | _aChampion | ||
| 942 |
_2lcc _cFICTION |
||
| 999 |
_c32727 _d32724 |
||